Applications au Code civil des Institutes de Justinien et des cinquante livres du Digeste, avec la traduction en regard.

Na minha lista:
Detalhes bibliográficos
Autor principal: Biret, M. (auteur)
Formato: Livro
Idioma:inglês
Publicado em: Paris, France: Arthus Bertrand, Libraire; La Rochelle, 1824.
Assuntos:
Tags: Adicionar Tag
Sem tags, seja o primeiro a adicionar uma tag!

MARC

LEADER 00000nam a22000007a 4500
003 CL-VaPUC
005 20220822114901.0
008 220811t1824 ||||| |||| 00| 0 eng d
999 |c 438280  |d 438278 
040 |c Pontificia Universidad Católica de Valparaíso 
082 |2 22  |a 349.44 BIR 1824 
100 |9 875421  |a Biret, M.  |e auteur  
245 |a Applications au Code civil des Institutes de Justinien et des cinquante livres du Digeste, avec la traduction en regard. 
260 |a Paris, France:   |b Arthus Bertrand, Libraire;   |b La Rochelle,   |c 1824. 
300 |a Tomo 1.  
500 |a c.1 Tomo 1: Donación Familia Prof. Alejandro Guzmán Brito. 
583 |c 20220811  |k Yessy Sthefany Diaz Vidal 
600 0 |a Justiniano I  |x Digesto  |9 858630 
650 0 |9 256135  |a Código civil  |z Francia  
942 |2 ddc  |c BK  |n 0 
952 |0 0  |1 0  |2 ddc  |4 0  |6 349_440000000000000_BIR_1824  |7 1  |8 C_AGB  |9 586165  |a BIBDER  |b BIBDER  |d 2022-08-11  |e Donación   |h t.1  |i 5653969  |o 349.44 BIR 1824  |p 5653969  |r 2023-01-25  |t 1  |w 2022-08-11  |y BK_US  |k AGB